000
00331nam a22001457a 4500
020
_a
03978-93-5103-864-1
082
_a
001
_b
TON/I
100
_a
TONPE, VIJAYANTI SAVANT
245
_a
INDIA FASCINATING & FUN GAMES
260
_a
NEW YORK
_b
SCHOLASTIC
300
_a
128
520
_a
QUIZ
650
_a
QUIZ
_z
NEW YORK
942
_c
BK
999
_c
6083
_d
6083